[Event "GAMMA Reykjavik Open 2019"]
[Site "Reykjavik"]
[Date "2019.04.16"]
[Round "9.26"]
[White "Saduakassova, Dinara"]
[Black "Salles, Louis"]
[Result "1-0"]
[WhiteElo "2461"]
[BlackElo "2221"]
[Annotator "ChessBase"]
[PlyCount "97"]
[EventDate "2019.04.04"]
[EventType "swiss"]
[EventCountry "ISL"]
[SourceTitle "playchess.com"]
[Source "ChessBase"]
[SourceQuality "1"]
[TimeControl "40/5400+30:1800+30"]

1. e4 {[%emt 0:00:00]} c5 {[%emt 0:00:00]} 2. Nf3 {[%emt 0:00:00]} d6 {[%emt 0:00:01]} 3. Bb5+ {[%emt 0:00:00]} Nd7 {[%emt 0:00:23]} 4. O-O {[%emt 0:00:00]} Ngf6 {[%emt 0:00:15]} 5. Re1 {[%emt 0:00:36]} a6 {[%emt 0:00:04]} 6. Bf1 {[%emt 0:00:07]} b6 {[%emt 0:00:56]} 7. c4 {[%emt 0:06:50]} Bb7 {[%emt 0:01:24]} 8. Nc3 {[%emt 0:00:08]} Ne5 {[%emt 0:09:18]} 9. d3 {[%emt 0:04:33]} e6 {[%emt 0:01:15]} 10. Be3 {[%emt 0:08:19]} Be7 {[%emt 0:04:39]} 11. d4 {[%emt 0:10:32]} cxd4 {[%emt 0:09:25]} 12. Bxd4 {[%emt 0:03:08]} Qc7 {[%emt 0:10:26]} 13. Rc1 {[%emt 0:14:42]} O-O {[%emt 0:01:09]} 14. Qe2 {[%emt 0:02:37]} Rac8 {[%emt 0:07:01]} 15. b3 {[%emt 0:00:47]} Qb8 {[%emt 0:13:36]} 16. Red1 {[%emt 0:08:08]} Nxf3+ {[%emt 0:03:45]} 17. Qxf3 {[%emt 0:02:49]} e5 {[%emt 0:01:37]} 18. Bxb6 {[%emt 0:04:51]} Nxe4 {[%emt 0:01:02]} 19. Nd5 {[%emt 0:05:45]} Bxd5 {[%emt 0:01:55]} 20. cxd5 {[%emt 0:00:40]} Ng5 {[%emt 0:12:48]} 21. Qe3 {[%emt 0:00:13]} f5 {[%emt 0:00:30]} 22. Ba7 {[%emt 0:07:07]} Rxc1 {[%emt 0:04:18]} 23. Rxc1 {[%emt 0:00:15]} Qe8 {[%emt 0:01:01]} 24. f3 {[%emt 0:08:52]} Qg6 {[%emt 0:03:05]} 25. Rc7 {[%emt 0:03:08]} Bd8 {[%emt 0:00:18]} 26. Rb7 {[%emt 0:04:12]} f4 {[%emt 0:00:20]} 27. Qd3 {[%emt 0:00:09]} e4 {[%emt 0:00:29]} 28. fxe4 {[%emt 0:00:07]} f3 {[%emt 0:00:44]} 29. g3 {[%emt 0:02:49]} Qf6 {[%emt 0:05:31]} 30. Bd4 {[%emt 0:00:43]} f2+ {[%emt 0:02:54]} 31. Kh1 {[%emt 0:01:44]} Qf3+ {[%emt 0:02:56]} 32. Qxf3 {[%emt 0:00:06]} Rxf3 {[%emt 0:00:23]} 33. Rxg7+ {[%emt 0:00:22]} Kf8 {[%emt 0:00:08]} 34. Kg2 {[%emt 0:00:26]} Rf7 {[%emt 0:02:03]} 35. Rxf7+ {[%emt 0:00:04]} Kxf7 {[%emt 0:00:06]} 36. Kxf2 {[%emt 0:01:18]} Nxe4+ {[%emt 0:00:21]} 37. Ke3 {[%emt 0:00:04]} Nf6 {[%emt 0:00:26]} 38. Bxf6 {[%emt 0:00:19]} Kxf6 {[%emt 0:00:18]} 39. Bxa6 {[%emt 0:00:05]} Ke5 {[%emt 0:00:17]} 40. Bb7 {[%emt 0:00:00]} h5 {[%emt 0:00:00]} 41. b4 {[%emt 0:01:01]} Bb6+ {[%emt 0:02:11]} 42. Kd3 {[%emt 0:00:08]} Bg1 {[%emt 0:01:31]} 43. h3 {[%emt 0:00:37]} Bf2 {[%emt 0:01:17]} 44. g4 {[%emt 0:01:13]} h4 {[%emt 0:00:24]} 45. a4 {[%emt 0:01:25]} Kf4 {[%emt 0:01:47]} 46. Bc8 {[%emt 0:00:40]} Be1 {[%emt 0:04:47]} 47. Kc4 {[%emt 0:00:07]} Bd2 {[%emt 0:01:41]} 48. a5 {[%emt 0:00:18]} Kg3 {[%emt 0:00:45]} 49. a6 {[%emt 0:00:17]} 1-0

[Event "GAMMA Reykjavik Open 2019"]
[Site "Reykjavik"]
[Date "2019.04.16"]
[Round "9.27"]
[White "Maisuradze, Nino"]
[Black "Suleymenov, Alisher"]
[Result "0-1"]
[WhiteElo "2168"]
[BlackElo "2431"]
[Annotator "NA"]
[PlyCount "68"]
[EventDate "2019.04.04"]
[EventType "swiss"]
[EventCountry "ISL"]
[SourceTitle "playchess.com"]
[Source "ChessBase"]
[SourceQuality "1"]
[TimeControl "40/5400+30:1800+30"]

1. d4 {[%emt 0:00:11]} Nf6 {[%emt 0:00:00]} 2. c4 {[%emt 0:00:12]} Nc6 {[%emt 0:00:17]} 3. Nc3 {[%emt 0:07:56]} e5 {[%emt 0:00:07]} 4. d5 {[%emt 0:00:29]} Ne7 {[%emt 0:00:06]} 5. h4 {[%emt 0:00:45]} Neg8 {[%emt 0:01:27]} 6. e3 {[%emt 0:04:06]} Bb4 {[%emt 0:33:16]} 7. Bd2 {[%emt 0:00:52]} Ne7 {[%emt 0:02:55]} 8. Bd3 {[%emt 0:25:10]} O-O {[%emt 0:00:23]} 9. Qc2 {[%emt 0:01:49]} d6 {[%emt 0:10:39]} 10. Nge2 {[%emt 0:07:32]} c6 {[%emt 0:01:06]} 11. e4 {[%emt 0:28:21]} a6 {[%emt 0:03:07]} 12. f3 {[%emt 0:03:04]} Nd7 {[%emt 0:17:37]} 13. a3 {[%emt 0:02:44]} Bxc3 {[%emt 0:00:59]} 14. Nxc3 {[%emt 0:00:29]} Nc5 {[%emt 0:03:17]} 15. dxc6 {[%emt 0:04:57]} bxc6 {[%emt 0:09:14]} 16. Be3 {[%emt 0:00:19]} Rb8 {[%emt 0:04:45]} 17. b4 {[%emt 0:03:55]} Ne6 {[%emt 0:00:21]} 18. Qf2 {[%emt 0:02:48]} f5 {[%emt 0:05:02]} 19. exf5 {[%emt 0:01:22]} Nxf5 {[%emt 0:00:01]} 20. Bxf5 {[%emt 0:02:15]} Rxf5 {[%emt 0:00:02]} 21. Rd1 {[%emt 0:00:08]} Bb7 {[%emt 0:02:25]} 22. c5 {[%emt 0:00:48]} d5 {[%emt 0:00:09]} 23. Ne4 {[%emt 0:00:13]} a5 {[%emt 0:01:11]} 24. Nd6 {[%emt 0:00:24]} Rf8 {[%emt 0:00:01]} 25. Qb2 {[%emt 0:01:03]} d4 {[%emt 0:02:51]} 26. Qa2 {[%emt 0:00:05]} Qd7 {[%emt 0:00:11]} 27. Nc4 {[%emt 0:00:39]} Qd5 {[%emt 0:00:41]} 28. Qc2 {[%emt 0:00:14]} axb4 {[%emt 0:00:12]} 29. axb4 {[%emt 0:00:04]} Ba6 {[%emt 0:00:43]} 30. Nb6 {[%emt 0:00:02]} Rxb6 {[%emt 0:00:48]} 31. cxb6 {[%emt 0:00:02]} Rxf3 {[%emt 0:00:44]} 32. Bf2 {[%emt 0:02:14]} Rc3 {[%emt 0:00:42]} 33. b7 {[%emt 0:00:45]} Rxc2 {[%emt 0:00:19]} 34. b8=Q+ {[%emt 0:00:02]} Nf8 {[%emt 0:00:05]} 0-1

[Event "GAMMA Reykjavik Open 2019"]
[Site "Reykjavik"]
[Date "2019.04.16"]
[Round "9.28"]
[White "Eggleston, David J"]
[Black "Ingvason, Johann"]
[Result "1/2-1/2"]
[WhiteElo "2401"]
[BlackElo "2181"]
[Annotator "NA"]
[PlyCount "83"]
[EventDate "2019.04.04"]
[EventType "swiss"]
[EventCountry "ISL"]
[SourceTitle "playchess.com"]
[Source "ChessBase"]
[SourceQuality "1"]
[TimeControl "40/5400+30:1800+30"]

1. e4 {[%emt 0:05:45]} e5 {[%emt 0:00:00]} 2. Nf3 {[%emt 0:00:07]} Nc6 {[%emt 0:00:00]} 3. Bb5 {[%emt 0:00:16]} a6 {[%emt 0:00:00]} 4. Ba4 {[%emt 0:00:04]} Nf6 {[%emt 0:00:00]} 5. d3 {[%emt 0:00:24]} d6 {[%emt 0:00:54]} 6. c3 {[%emt 0:00:25]} Be7 {[%emt 0:00:15]} 7. O-O {[%emt 0:00:18]} O-O {[%emt 0:00:11]} 8. Re1 {[%emt 0:00:12]} h6 {[%emt 0:02:27]} 9. h3 {[%emt 0:00:30]} b5 {[%emt 0:00:49]} 10. Bc2 {[%emt 0:00:30]} Re8 {[%emt 0:00:30]} 11. Nbd2 {[%emt 0:00:25]} Bf8 {[%emt 0:00:08]} 12. a4 {[%emt 0:02:48]} Bb7 {[%emt 0:04:20]} 13. d4 {[%emt 0:03:22]} exd4 {[%emt 0:08:11]} 14. cxd4 {[%emt 0:00:00]} Nb4 {[%emt 0:00:08]} 15. Bb1 {[%emt 0:00:00]} c5 {[%emt 0:00:13]} 16. b3 {[%emt 0:10:50]} Rc8 {[%emt 0:03:30]} 17. axb5 {[%emt 0:12:18]} axb5 {[%emt 0:00:14]} 18. Ba3 {[%emt 0:08:14]} Qa5 {[%emt 0:02:16]} 19. Bb2 {[%emt 0:00:12]} Qb6 {[%emt 0:00:12]} 20. Bc3 {[%emt 0:04:03]} g6 {[%emt 0:17:37]} 21. d5 {[%emt 0:12:25]} Bg7 {[%emt 0:08:21]} 22. Nf1 {[%emt 0:00:19]} Nd7 {[%emt 0:04:09]} 23. Bxg7 {[%emt 0:00:46]} Kxg7 {[%emt 0:00:02]} 24. Qd2 {[%emt 0:01:06]} Ra8 {[%emt 0:01:19]} 25. Rxa8 {[%emt 0:01:53]} Bxa8 {[%emt 0:02:35]} 26. h4 {[%emt 0:01:46]} Ne5 {[%emt 0:00:56]} 27. Nxe5 {[%emt 0:02:19]} dxe5 {[%emt 0:00:07]} 28. h5 {[%emt 0:00:53]} Qd6 {[%emt 0:00:27]} 29. Ne3 {[%emt 0:01:03]} Nc6 {[%emt 0:00:57]} 30. hxg6 {[%emt 0:06:26]} fxg6 {[%emt 0:00:17]} 31. Ng4 {[%emt 0:01:56]} g5 {[%emt 0:00:29]} 32. Ne3 {[%emt 0:01:09]} Rf8 {[%emt 0:13:24]} 33. Nf5+ {[%emt 0:00:46]} Rxf5 {[%emt 0:00:07]} 34. exf5 {[%emt 0:00:05]} Nd4 {[%emt 0:00:16]} 35. Qa5 {[%emt 0:04:05]} Bxd5 {[%emt 0:01:08]} 36. Bd3 {[%emt 0:03:03]} Kf6 {[%emt 0:06:19]} 37. Bxb5 {[%emt 0:02:18]} Bxg2 {[%emt 0:09:11]} 38. Kxg2 {[%emt 0:00:25]} Qd5+ {[%emt 0:00:09]} 39. Kg1 {[%emt 0:00:21]} Nf3+ {[%emt 0:01:33]} 40. Kf1 {[%emt 0:00:00]} Nh2+ {[%emt 0:00:00]} 41. Kg1 {[%emt 0:10:11]} Nf3+ {[%emt 0:11:07]} 42. Kf1 {[%emt 0:03:00]} 1/2-1/2

[Event "GAMMA Reykjavik Open 2019"]
[Site "Reykjavik"]
[Date "2019.04.16"]
[Round "9.29"]
[White "Baldursson, Hrannar"]
[Black "Pigott, John C"]
[Result "0-1"]
[WhiteElo "2122"]
[BlackElo "2384"]
[Annotator "NA"]
[PlyCount "118"]
[EventDate "2019.04.04"]
[EventType "swiss"]
[EventCountry "ISL"]
[SourceTitle "playchess.com"]
[Source "ChessBase"]
[SourceQuality "1"]
[TimeControl "40/5400+30:1800+30"]

1. c4 {[%emt 0:00:00]} e6 {[%emt 0:05:01]} 2. g3 {[%emt 0:01:37]} d5 {[%emt 0:00:00]} 3. Bg2 {[%emt 0:00:14]} Nf6 {[%emt 0:04:31]} 4. cxd5 {[%emt 0:01:57]} exd5 {[%emt 0:00:00]} 5. Nf3 {[%emt 0:00:14]} Be7 {[%emt 0:00:00]} 6. O-O {[%emt 0:00:36]} O-O {[%emt 0:00:00]} 7. d4 {[%emt 0:01:59]} c6 {[%emt 0:00:56]} 8. Nc3 {[%emt 0:00:38]} Bf5 $11 {[%emt 0:01:48]} 9. Nh4 {[%emt 0:00:32]} Be6 {[%emt 0:00:34]} 10. Qd3 {[%emt 0:00:24]} Re8 {[%emt 0:02:10]} 11. Nf5 {[%emt 0:02:13]} Bb4 {[%emt 0:04:29]} 12. Bg5 {[%emt 0:04:27]} Nbd7 {[%emt 0:05:23]} 13. e4 {[%emt 0:04:58]} dxe4 {[%emt 0:04:01]} 14. Bxe4 {[%emt 0:03:25]} Qa5 {[%emt 0:07:27]} 15. f3 {[%emt 0:04:29]} Rad8 {[%emt 0:12:38]} 16. a3 {[%emt 0:02:57]} Bf8 {[%emt 0:02:36]} 17. b4 {[%emt 0:00:44]} Qb6 {[%emt 0:08:04]} 18. Na4 {[%emt 0:02:59]} Qc7 {[%emt 0:05:05]} 19. Bf4 {[%emt 0:01:16]} Qc8 {[%emt 0:00:06]} 20. Rac1 {[%emt 0:02:26]} Nxe4 {[%emt 0:11:44]} 21. fxe4 {[%emt 0:00:09]} Nb6 {[%emt 0:02:24]} 22. Nxb6 {[%emt 0:02:13]} axb6 {[%emt 0:00:06]} 23. Bg5 {[%emt 0:03:51]} f6 {[%emt 0:00:13]} 24. Be3 {[%emt 0:00:22]} Qd7 {[%emt 0:01:19]} 25. d5 {[%emt 0:02:37]} cxd5 {[%emt 0:01:02]} 26. Bxb6 {[%emt 0:01:20]} dxe4 {[%emt 0:00:30]} 27. Qxe4 {[%emt 0:00:32]} Rc8 {[%emt 0:02:25]} 28. Bc5 {[%emt 0:02:12]} b6 {[%emt 0:04:34]} 29. Be3 {[%emt 0:07:14]} Rxc1 {[%emt 0:07:31]} 30. Bxc1 {[%emt 0:00:58]} b5 {[%emt 0:00:09]} 31. Qf3 {[%emt 0:03:14]} Bc4 {[%emt 0:01:15]} 32. Rd1 {[%emt 0:02:51]} Qa7+ {[%emt 0:00:06]} 33. Kg2 {[%emt 0:01:41]} Re2+ {[%emt 0:01:37]} 34. Kh3 {[%emt 0:00:50]} Rf2 {[%emt 0:00:46]} 35. Qe3 {[%emt 0:02:10]} Qf7 {[%emt 0:01:58]} 36. Qxf2 {[%emt 0:00:28]} Qh5+ {[%emt 0:00:05]} 37. Kg2 {[%emt 0:02:50]} Qxd1 {[%emt 0:00:06]} 38. Bb2 {[%emt 0:01:41]} Bd5+ {[%emt 0:02:58]} 39. Kh3 {[%emt 0:00:11]} Qh5+ {[%emt 0:02:52]} 40. Nh4 {[%emt 0:00:00]} g5 {[%emt 0:00:00]} 41. Qf5 {[%emt 0:00:48]} Qf7 {[%emt 0:00:43]} 42. Qxf6 {[%emt 0:05:22]} Qxf6 {[%emt 0:00:10]} 43. Bxf6 {[%emt 0:00:06]} gxh4 {[%emt 0:00:45]} 44. Kxh4 {[%emt 0:00:17]} Kf7 {[%emt 0:00:06]} 45. Bd4 {[%emt 0:00:53]} Bf3 {[%emt 0:02:02]} 46. Kg5 {[%emt 0:00:22]} Ke6 {[%emt 0:00:25]} 47. Bb2 {[%emt 0:03:18]} Kd5 {[%emt 0:02:13]} 48. Kf6 {[%emt 0:00:19]} Kc4 {[%emt 0:00:33]} 49. Be5 {[%emt 0:00:46]} Kb3 {[%emt 0:03:27]} 50. Kf7 {[%emt 0:01:12]} Bh6 {[%emt 0:00:07]} 51. Bf4 {[%emt 0:00:10]} Bxf4 {[%emt 0:00:20]} 52. gxf4 {[%emt 0:00:01]} Be4 {[%emt 0:00:16]} 53. Ke6 {[%emt 0:00:08]} Kxa3 {[%emt 0:00:19]} 54. f5 {[%emt 0:00:06]} Kxb4 {[%emt 0:00:12]} 55. f6 {[%emt 0:00:09]} Bg6 {[%emt 0:00:12]} 56. h4 {[%emt 0:00:16]} Kc5 {[%emt 0:00:12]} 57. f7 {[%emt 0:00:15]} Bxf7+ {[%emt 0:00:04]} 58. Kxf7 {[%emt 0:00:08]} b4 {[%emt 0:00:05]} 59. Kg7 {[%emt 0:00:08]} h5 {[%emt 0:00:19]} 0-1

[Event "GAMMA Reykjavik Open 2019"]
[Site "Reykjavik"]
[Date "2019.04.16"]
[Round "9.30"]
[White "Van de Plassche, Bas"]
[Black "Maroroa, Sue"]
[Result "0-1"]
[WhiteElo "2376"]
[BlackElo "2128"]
[Annotator "NA"]
[PlyCount "60"]
[EventDate "2019.04.04"]
[EventType "swiss"]
[EventCountry "ISL"]
[SourceTitle "playchess.com"]
[Source "ChessBase"]
[SourceQuality "1"]
[TimeControl "40/5400+30:1800+30"]

1. d4 {[%emt 0:00:00]} Nf6 {[%emt 0:05:43]} 2. c4 {[%emt 0:00:00]} g6 {[%emt 0:00:10]} 3. Nc3 {[%emt 0:00:01]} Bg7 {[%emt 0:00:07]} 4. e4 {[%emt 0:00:12]} d6 {[%emt 0:00:09]} 5. f3 {[%emt 0:00:24]} O-O {[%emt 0:00:42]} 6. Nge2 {[%emt 0:00:15]} c5 {[%emt 0:00:41]} 7. d5 {[%emt 0:00:18]} e6 {[%emt 0:00:56]} 8. Ng3 {[%emt 0:00:15]} exd5 {[%emt 0:01:29]} 9. cxd5 {[%emt 0:00:22]} Nh5 {[%emt 0:00:19]} 10. Nxh5 {[%emt 0:00:18]} gxh5 {[%emt 0:00:04]} 11. Bd3 {[%emt 0:00:26]} f5 {[%emt 0:02:55]} 12. O-O {[%emt 0:01:07]} f4 {[%emt 0:02:12]} 13. Ne2 {[%emt 0:00:37]} Be5 {[%emt 0:05:35]} 14. Rb1 {[%emt 0:00:42]} h4 {[%emt 0:05:43]} 15. Kh1 {[%emt 0:04:24]} Kh8 {[%emt 0:10:33]} 16. Bd2 {[%emt 0:17:44]} a6 {[%emt 0:08:18]} 17. a4 {[%emt 0:09:41]} a5 {[%emt 0:03:52]} 18. Bb5 {[%emt 0:15:09]} Bd7 {[%emt 0:03:57]} 19. g3 {[%emt 0:16:17]} hxg3 {[%emt 0:16:34]} 20. hxg3 {[%emt 0:01:06]} Bh3 {[%emt 0:08:30]} 21. Nxf4 {[%emt 0:04:30]} Bxf4 {[%emt 0:05:51]} 22. Bxf4 {[%emt 0:02:31]} Rxf4 {[%emt 0:01:54]} 23. gxf4 {[%emt 0:01:00]} Bxf1 {[%emt 0:02:01]} 24. Qxf1 {[%emt 0:10:42]} Qh4+ {[%emt 0:00:22]} 25. Kg2 {[%emt 0:00:26]} Nc6 {[%emt 0:02:06]} 26. Qe1 {[%emt 0:05:53]} Rg8+ {[%emt 0:00:33]} 27. Kf1 {[%emt 0:00:09]} Qh2 {[%emt 0:05:07]} 28. Qc3+ {[%emt 0:02:20]} Nd4 {[%emt 0:00:30]} 29. Ke1 {[%emt 0:00:09]} Rg1+ {[%emt 0:00:13]} 30. Bf1 {[%emt 0:00:05]} Qe2# {[%emt 0:00:22]} 0-1

[Event "GAMMA Reykjavik Open 2019"]
[Site "Reykjavik"]
[Date "2019.04.16"]
[Round "9.31"]
[White "Vaishali R"]
[Black "Rice, Chris B"]
[Result "0-1"]
[WhiteElo "2353"]
[BlackElo "2026"]
[Annotator "NA"]
[PlyCount "91"]
[EventDate "2019.04.04"]
[EventType "swiss"]
[EventCountry "ISL"]
[SourceTitle "playchess.com"]
[Source "ChessBase"]
[SourceQuality "1"]
[TimeControl "40/5400+30:1800+30"]

1. e4 {[%emt 0:00:00]} e6 {[%emt 0:00:27]} 2. d4 {[%emt 0:00:00]} d5 {[%emt 0:02:16]} 3. Nc3 {[%emt 0:00:07]} Nf6 {[%emt 0:00:17]} 4. e5 {[%emt 0:00:05]} Nfd7 {[%emt 0:00:05]} 5. f4 {[%emt 0:00:05]} c5 {[%emt 0:01:01]} 6. Nf3 {[%emt 0:00:07]} Nc6 {[%emt 0:00:13]} 7. Be3 {[%emt 0:00:06]} Be7 {[%emt 0:00:46]} 8. Qd2 {[%emt 0:00:18]} O-O {[%emt 0:00:13]} 9. Be2 {[%emt 0:00:29]} a6 $11 {[%emt 0:13:13] LiveBook: 244 Games} 10. O-O {[%emt 0:00:20]} Qc7 {[%emt 0:02:08]} 11. Nd1 {[%emt 0:16:45]} cxd4 {[%emt 0:05:41]} 12. Nxd4 {[%emt 0:00:10]} Nc5 {[%emt 0:01:45]} 13. Nf2 {[%emt 0:03:07]} Bd7 {[%emt 0:02:56]} 14. c3 {[%emt 0:04:43]} b5 {[%emt 0:29:29]} 15. Nxc6 {[%emt 0:13:20]} Bxc6 {[%emt 0:00:39]} 16. Bd4 {[%emt 0:00:06]} Rac8 {[%emt 0:06:00]} 17. Qe3 {[%emt 0:09:47]} Bd7 {[%emt 0:04:14]} 18. b4 {[%emt 0:12:00]} Na4 {[%emt 0:00:43]} 19. Bd3 {[%emt 0:04:24]} f5 {[%emt 0:05:51]} 20. exf6 {[%emt 0:03:03]} Bxf6 {[%emt 0:01:49]} 21. Ng4 {[%emt 0:02:56]} Bxd4 {[%emt 0:02:01]} 22. cxd4 {[%emt 0:00:07]} Nb2 {[%emt 0:02:02]} 23. Ne5 {[%emt 0:04:24]} Nxd3 {[%emt 0:04:03]} 24. Nxd3 {[%emt 0:01:23]} Qd6 {[%emt 0:00:57]} 25. Nc5 {[%emt 0:00:29]} Rf5 {[%emt 0:02:38]} 26. Rf2 {[%emt 0:08:59]} Rcf8 {[%emt 0:01:00]} 27. Raf1 {[%emt 0:00:27]} h5 {[%emt 0:01:15]} 28. g3 {[%emt 0:01:57]} R8f6 {[%emt 0:01:10]} 29. h3 {[%emt 0:02:25]} Rh6 {[%emt 0:03:21]} 30. g4 {[%emt 0:02:41]} hxg4 {[%emt 0:00:20]} 31. hxg4 {[%emt 0:00:02]} Rf8 {[%emt 0:00:47]} 32. g5 {[%emt 0:02:58]} Rh4 {[%emt 0:02:00]} 33. Qg3 {[%emt 0:00:35]} Rh5 {[%emt 0:00:38]} 34. Qg4 {[%emt 0:04:24]} g6 {[%emt 0:00:44]} 35. Rh2 {[%emt 0:01:05]} Rxh2 {[%emt 0:00:43]} 36. Kxh2 {[%emt 0:00:01]} Kg7 {[%emt 0:01:40]} 37. Kg2 {[%emt 0:00:51]} Bc8 {[%emt 0:01:33]} 38. Qh4 {[%emt 0:01:47]} Rh8 {[%emt 0:00:21]} 39. Qe1 {[%emt 0:00:20]} Qe7 {[%emt 0:01:30]} 40. Qe5+ {[%emt 0:00:00]} Kg8 {[%emt 0:00:00]} 41. Qb8 {[%emt 0:02:44]} Kf7 {[%emt 0:16:51]} 42. Re1 {[%emt 0:06:39]} Qe8 {[%emt 0:04:47]} 43. Nd3 {[%emt 0:01:39]} e5 {[%emt 0:02:02]} 44. Qc7+ {[%emt 0:01:45]} Kg8 {[%emt 0:01:49]} 45. Rxe5 {[%emt 0:00:54]} Bh3+ {[%emt 0:03:23]} 46. Kg1 {[%emt 0:02:31]} 0-1